000 00753nam a2200241Ia 4500
003 OSt
005 20250714124101.0
008 220923b |||||||| |||| 00| 0 eng d
037 _cReference
040 _aRTL
_cRTL
_beng
041 _2eng
_aeng
084 _aB281 L2/SC
_qRTL
100 _aJordan, Karoly
_9245245
245 0 _aChapters on the classical calculus of probability
260 _aBudapest
_bAkademiai Kiado
_c1972
300 _axxviii, 619 p.
_bIncludes bibliographical reference and index
650 _aClassical calculus
_9815530
650 _aProbability calculus
_9815531
650 _aMathematics
700 _aGyires, B.
_9815532
942 _hB281 L2/SC
_cREF
_2CC
_n0
999 _c489298
_d489298